|
|
|
|
| LEADER |
01575nam a2200325 a 4500 |
| 001 |
1208 |
| 003 |
BD-DhAAL |
| 005 |
20151201190033.0 |
| 008 |
151201s1997 ii af b 001 0bbeno |
| 010 |
|
|
|a 98902166
|
| 020 |
|
|
|a 8172232748
|
| 040 |
|
|
|a DLC
|c DLC
|d DLC
|d BD-DhAAL
|
| 050 |
0 |
0 |
|a DS485.B493
|b B3617 1997
|
| 082 |
|
|
|a 954.140359092
|
| 100 |
1 |
|
|a বন্দ্যোপাধ্যায়, সুরভি
|9 16583
|
| 245 |
1 |
0 |
|a জ্যোতি বসু :
|b আনুমোদিত জীবনী /
|c সুরভি বন্দ্যোপাধ্যায়.
|
| 260 |
|
|
|a ইন্ডিয়া :
|b হারপারকলিনস পাবলিশার্স,
|c ১৯৯৭.
|
| 300 |
|
|
|a ২৫৭ পৃ.:
|b চিত্র ;
|c ২৪ সে.মি.
|
| 504 |
|
|
|a Includes bibliographical references (p. [1]-[8], 2nd group) and index.
|
| 520 |
|
|
|a Biography of Jyoti Basu, b. 1914, chief minister of West Bengal and a leader of the Communist Party of India (Marxist).
|
| 541 |
|
|
|e 1208
|
| 546 |
|
|
|a In Bengali.
|
| 600 |
1 |
0 |
|a Basu, Jyoti,
|d 1914-2010.
|9 16584
|
| 650 |
|
0 |
|a Politicians
|z India
|z West Bengal
|v Biography.
|9 16585
|
| 650 |
|
0 |
|a Communists
|z India
|z West Bengal
|v Biography.
|9 14711
|
| 651 |
|
0 |
|a West Bengal (India)
|x Politics and government
|y 20th century.
|9 16586
|
| 651 |
|
0 |
|a West Bengal (India)
|v Biography.
|9 16587
|
| 942 |
|
|
|2 ddc
|c BK
|
| 999 |
|
|
|c 36336
|d 36336
|
| 952 |
|
|
|0 0
|1 0
|2 ddc
|4 0
|6 954_140359092000000_JOT
|7 0
|9 57138
|a SCL
|b SCL
|c GEN
|d 2015-12-01
|g 300.00
|l 1
|o 954.140359092 JOT
|p 3020001208
|r 2025-08-11
|s 2025-08-02
|t 1
|w 2015-12-01
|y BK
|